000
00303nam a2200109Ia 4500
008
200302s9999 xx 000 0 und d
100
_a
Kerstin Schultz and others
245
_a
Light Spaces Designing and constructing with plasterboard
260
_b
Birkhauser Verlag Gmbh
260
_c
2016
300
_a
160
999
_c
6241
_d
6241